<?xml version="1.0" encoding="UTF-8"?>
<record
    xmlns:xsi="http://www.w3.org/2001/XMLSchema-instance"
    xsi:schemaLocation="http://www.loc.gov/MARC21/slim http://www.loc.gov/standards/marcxml/schema/MARC21slim.xsd"
    xmlns="http://www.loc.gov/MARC21/slim">

  <leader>02496    a2200241   4500</leader>
  <controlfield tag="001">48400</controlfield>
  <controlfield tag="005">20260407155748.0</controlfield>
  <controlfield tag="008">260407a2018    arg                 spa d</controlfield>
  <controlfield tag="003">AR-UNSa-BCEJYS</controlfield>
  <datafield tag="040" ind1=" " ind2=" ">
    <subfield code="a">AR-UNSa-BCEJYS</subfield>
    <subfield code="b">spa</subfield>
    <subfield code="c">AR-UNSa-BCEJYS</subfield>
  </datafield>
  <datafield tag="080" ind1=" " ind2=" ">
    <subfield code="a">336.11</subfield>
    <subfield code="x">Finanzas p&#xFA;blicas como estudio de la gesti&#xF3;n financiera. Teor&#xED;a, m&#xE9;todos de las finanzas p&#xFA;blicas en general </subfield>
  </datafield>
  <datafield tag="245" ind1="1" ind2="0">
    <subfield code="a">La inclusi&#xF3;n financiera para la inserci&#xF3;n productiva y el papel de la banca de desarrollo</subfield>
  </datafield>
  <datafield tag="020" ind1=" " ind2=" ">
    <subfield code="a">978-92-1-121998-2</subfield>
  </datafield>
  <datafield tag="264" ind1=" " ind2="1">
    <subfield code="a">Santiago de Chile :</subfield>
    <subfield code="b">CEPAL (Comisi&#xF3;n Econ&#xF3;mica para Am&#xE9;rica Latina y el Caribe)</subfield>
    <subfield code="c">2018</subfield>
  </datafield>
  <datafield tag="300" ind1=" " ind2=" ">
    <subfield code="a">355 p.</subfield>
    <subfield code="c">22 cm.</subfield>
  </datafield>
  <datafield tag="505" ind1=" " ind2=" ">
    <subfield code="a">1. Hechos estilizados sobre la inclusi&#xF3;n financiera en Am&#xE9;rica Latina / Georgina Cipoletta Tomassia; Adriana Matos - 2. La banca de desarrollo y la innovaci&#xF3;n para la inclusi&#xF3;n financiera / Esteban P&#xE9;rez Caldentey; Daniel Titelman - 3. Inclusi&#xF3;n financiera de las peque&#xF1;as y medianas empresas en la Argentina / Sergio Woyecheszen, en colaboraci&#xF3;n con Mar&#xED;a Delfina Rossi - 4. Inclusi&#xF3;n financiera de las micro, peque&#xF1;as y medianas empresas en el Brasil / Germano Mendes de Paula; S&#xE1;vio de Carvallo Ar&#xFA;jo; Welber Tom&#xE1;s de Oliveira - 5. Inclusi&#xF3;n financiera de las peque&#xF1;as y medianas empresas en M&#xE9;xico: el papel de la banca de desarrollo / Ram&#xF3;n Lecuona V. - 6. Inclusi&#xF3;n financiera de las peque&#xF1;as y medianas empresas en Colombia / Luis Alberto Zuleta J. - 7. Inclusi&#xF3;n financiera de las microempresas y las peque&#xF1;as y medianas empresas en el Per&#xFA;: el caso de la banca de desarrollo / Janina Le&#xF3;n - 8. Inclusi&#xF3;n financiera de las peque&#xF1;as y medianas empresas en el Ecuador / Sylvia Neira Burneo - 9. Inclusi&#xF3;n financiera de las peque&#xF1;as y medianas empresas en Costa Rica / Francisco Sancho Villalobos - 10. Inclusi&#xF3;n financiera en Am&#xE9;rica Latina desde una perspectiva regional / Jo&#xE2;o Carlos Ferraz; Luma Ramos - 11. Una caja de herramientas para promover la inclusi&#xF3;n financiera / Ram&#xF3;n Lecuona Sylvia Neira Burneo; Luis Alberto Zuleta - 12. Aspectos a considerar en la construcci&#xF3;n de un sistema financiero inclusivo para el financiamiento productivo / Esteban P&#xE9;rez Caldentey; Daniel Titelman; Luis Rodrigo D&#xED;az Pavez.</subfield>
  </datafield>
  <datafield tag="041" ind1=" " ind2=" ">
    <subfield code="a">spa</subfield>
  </datafield>
  <datafield tag="942" ind1=" " ind2=" ">
    <subfield code="c">BK</subfield>
  </datafield>
  <datafield tag="590" ind1=" " ind2=" ">
    <subfield code="a">niveau_biblio:m niveau_hierar:0</subfield>
  </datafield>
  <datafield tag="100" ind1="1" ind2=" ">
    <subfield code="a">P&#xE9;rez Caldentey, Esteban</subfield>
  </datafield>
  <datafield tag="700" ind1="1" ind2=" ">
    <subfield code="a">Titelman, Daniel</subfield>
  </datafield>
  <datafield tag="856" ind1="4" ind2="1">
    <subfield code="u">https://www.biblioeco.unsa.edu.ar/pmb/images/libros/L127889.jpg</subfield>
    <subfield code="y">Imagen de portada</subfield>
    <subfield code="q">image/jpeg</subfield>
  </datafield>
  <datafield tag="999" ind1=" " ind2=" ">
    <subfield code="c">4588</subfield>
    <subfield code="d">4588</subfield>
  </datafield>
  <datafield tag="952" ind1=" " ind2=" ">
    <subfield code="0">0</subfield>
    <subfield code="1">0</subfield>
    <subfield code="4">0</subfield>
    <subfield code="7">0</subfield>
    <subfield code="a">BCEJYS</subfield>
    <subfield code="b">BCEJYS</subfield>
    <subfield code="c">16</subfield>
    <subfield code="d">2026-04-07</subfield>
    <subfield code="l">0</subfield>
    <subfield code="o">336.11 P438</subfield>
    <subfield code="p">L127889</subfield>
    <subfield code="r">2026-04-07 15:57:49</subfield>
    <subfield code="w">2026-04-07</subfield>
    <subfield code="y">L</subfield>
  </datafield>
</record>
